000 00471nam a2200181Ia 4500
008 151202s9999||||xx |||||||||||||| ||und||
082 _bPNVM-54415
100 _aवैद्य सुरेश.
245 _aकधीकधी.
260 _b---
260 _c0
300 _a0
600 _aवैद्य सुरेश.
630 _aकधीकधी.
700 _aवैद्य सुरेश.
730 _aकधीकधी.
942 _cBOOK
999 _c1320954
_d1320951